| 000 | 01031nam a22002777a 4500 | ||
|---|---|---|---|
| 003 | OSt | ||
| 005 | 20250609202034.0 | ||
| 007 | ta | ||
| 008 | 250609b |||||||| |||| 00| 0 sp d | ||
| 040 |
_aCUNOROC _bspa _cCUNOROC _dCUNOROC |
||
| 041 |
_aspa _dspa _espa _gspa _hspa |
||
| 082 | _aT 18 09 | ||
| 100 | 1 | 0 |
_aCastillo Martínez, Dulce María. _eAutora. _913023 |
| 245 | 1 | 0 |
_aEl trabajo infantil en los semáforos de las calles de la Cabecera Departamental de Huehuetenango./ _cDulce María Castillo Martínez./ _hDigital.-- |
| 260 |
_aHuehuetenango, Guatemala: _bCUNOROC; _cc2015. |
||
| 300 |
_a115 páginas: _bil; _c21 cm. |
||
| 650 |
_aTrabajo infantil _912977 |
||
| 650 |
_aProstitución _913024 |
||
| 650 |
_aDerechos del niño _97705 |
||
| 650 |
_aLey de la niñez y la adolescencia _913025 |
||
| 650 |
_aCódigo de trabajo _912979 |
||
| 650 |
_aExplotación infantil _913026 |
||
| 650 |
_aPobreza _93598 |
||
| 856 | _uhttps://drive.google.com/file/d/13470nxpbAU0LfUMvT39JHG__aX5RIaAb/view?usp=sharing | ||
| 942 |
_2ddc _cTESIS _n0 |
||
| 999 |
_c5371 _d5371 |
||